| 000 | 01465cam a22003857a 4500 | ||
|---|---|---|---|
| 003 | CHAP | ||
| 005 | 20220329142557.0 | ||
| 008 | 020121d2001 mx a r 00110 spa d | ||
| 010 | _a85190 | ||
| 011 | _a86162 | ||
| 035 | _a96700 | ||
| 040 | _cCHAP | ||
| 090 | _aTesis | ||
| 100 | 0 | 0 |
_aMelendez Ortíz, Guillermo. _974332 |
| 245 | 1 | 0 |
_aControl de Venturia inaequalis (Cook) Wint y Podosphaera leucotricha (Ell & Ev) Salm en Manzano (Malus domestica Borkn) Golden delicious en Cuahutémoc, Chihuahua _c/por Guillermo Melendez Ortíz |
| 260 |
_aChapingo, Méx. : _bEl autor, _c2001. |
||
| 300 |
_a80 h. : _bilus. ; gráfs. |
||
| 502 | _aTesis (Ing. Agr. Esp. en Fitotecnia) -- UACH. Departamento de Fitotecnia | ||
| 590 |
_aALEPH _b10 _c20130110 _lUCH01 _h1445 |
||
| 590 |
_aBATCH-UPD _b10 _c20130110 _lUCH01 _h0046 |
||
| 590 |
_aBATCH-UPD _b10 _c20130110 _lUCH01 _h2056 |
||
| 590 |
_aBATCH-UPD _b10 _c20130409 _lUCH01 _h2032 |
||
| 590 |
_aBATCH-UPD _b10 _c20130410 _lUCH01 _h1409 |
||
| 590 |
_aBATCH-UPD _b10 _c20130914 _lUCH01 _h0908 |
||
| 590 |
_aCONVERSION _b10 _c20130109 _lUCH01 _h1347 |
||
| 650 | 1 | 4 |
_aCenicilla del manzano. _920968 |
| 650 | 1 | 4 |
_aManzana _xChihuahua. _970746 |
| 650 | 1 | 4 |
_aManzana _xFumigación. _970771 |
| 650 | 1 | 4 |
_aVenturia inaequalis. _9118754 |
| 901 | _aBK | ||
| 905 | _aMayto Villalobos S. | ||
| 942 | _cFOLL | ||
| 949 |
_aTesis _bBC _cTES _d33724000858817 _eTS2 _fc.2 _h38819 _i96700 _si |
||
| 949 |
_aTesis _bBC _cTES _d967001 _eTS1 _h38818 _i96700 _sb |
||
| 999 |
_c85190 _d85190 |
||